Rock - Groupe, chanteur/euse ou les deux - Statistiques

Statistiques générales
  • Ce quiz a été pris 62 fois
  • Le résultat moyen est 11 sur 20
Statistiques - réponses
Question Réponse % Correct
Status Quo Groupe
84%
Joan Baez Artiste
78%
Eddie Cochran Artiste
78%
Jefferson Airplane Groupe
72%
Bon Jovi Les deux
72%
Sid Vicious Artiste
67%
Franz Ferdinand Groupe
66%
Pavlov's Dog Groupe
66%
Del Shannon Artiste
64%
Billy Idol Artiste
64%
Little Richard Artiste
60%
Cat Stevens Artiste
59%
Iggy Pop Artiste
57%
Little Feat Groupe
55%
Alice Cooper Les deux
36%
Mungo Jerry Groupe
26%
Steely Dan Groupe
26%
James Gang Groupe
24%
Epic Soundtracks Artiste
9%
Damien Thorne Groupe
2%
Aucun quiz correspondant
Distribution des résultats
% des personnes avec chaque résultat
Percentile par nombre de réponses
Votre historique - résultats
Vous n’avez pas pris ce quiz